[Event "corr."]
[Site "masterchessopen.com - Yugoslavia"]
[Round "0"]
[White "Ganza Klement (CRO)"]
[Black "Savic V (SRB)"]
[Result "0-1"]
[WhiteElo "2013"]
[BlackElo "2330"]

1.d4 Nf6 2.c4 c5 3.d5 e6 4.Nc3 exd5 5.cxd5 d6 6.e4 g6 7.Nf3 Bg7 8.Be2 O-O
9.O-O a6 10.a4 Bg4 11.h3 Bxf3 12.Bxf3 Nbd7 13.Bg5 Qb6 14.Qd2 Rfe8 15.a5 Qc7
16.Rfe1 Rab8 17.Bf4 b5 18.axb6 Rxb6 19.Ra2 Ne5 20.Be2 c4 21.Be3 Rb4 22.Bd4 a5
23.f4 Ned7 24.Bf3 Reb8 25.Nd1 Nc5 26.Bc3 Nd3 27.Re2 Nd7 28.Bxg7 Kxg7 29.Qc3+
f6 30.g3 Qc5+ 31.Kg2 a4 32.Nf2 Rb3 33.Nxd3 cxd3 34.Qxc5 Nxc5 35.Rd2 R3b4 36.g4
Re8 37.Kg3 Rexe4 {#R} 0-1

[Event "corr."]
[Site "masterchessopen.com - Yugoslavia"]
[Round "0"]
[White "Lukic Mirko (SRB)"]
[Black "Savic V (SRB)"]
[Result "1/2-1/2"]
[WhiteElo "2220"]
[BlackElo "2330"]

1.d4 Nf6 2.c4 c5 3.d5 e6 4.Nc3 exd5 5.cxd5 d6 6.Nf3 g6 7.e4 Bg7 8.Be2 O-O
9.O-O a6 10.a4 Bg4 11.h3 Bxf3 12.Bxf3 Nbd7 13.Bf4 Qc7 14.Qc2 Rfe8 15.a5 Ne5
16.Be2 Nfd7 17.Bd2 f6 18.f4 Nf7 19.Bg4 Nf8 20.Na4 Re7 21.Nb6 Rae8 22.Rae1 Nh6
23.b4 f5 24.exf5 Nxg4 25.hxg4 Bd4+ 26.Kh2 Re2 27.Rxe2 Rxe2 28.Qd3 Qe7 29.Nc4
gxf5 30.gxf5 Nd7 31.bxc5 Nxc5 32.Qxd4 Qh4+ 33.Kg1 Ne4 34.Bc3 Rxg2+ 35.Kxg2
Qg3+ {#d} 1/2-1/2

[Event "Ch Argentina"]
[Site "masterchessopen.com - Caseros (Argentina)"]
[Round "12"]
[White "Varas Carlos (CHI)"]
[Black "Grinberg Ricardo (ARG)"]
[Result "0-1"]
[WhiteElo "2259"]
[BlackElo "2360"]

1.d4 Nf6 2.c4 e6 3.Nf3 c5 4.d5 exd5 5.cxd5 d6 6.Nc3 g6 7.e4 Bg7 8.Bb5+ Bd7
9.a4 O-O 10.O-O a6 11.Be2 Bg4 12.h3 Bxf3 13.Bxf3 Nbd7 14.Bf4 Qc7 15.Qc2 Rfe8
16.a5 c4 17.Be2 Nc5 18.f3 Nb3 19.Ra3 Nxa5 20.Qa4 Qc5+ 21.Kh1 b6 22.Bh2 Nb3
23.Bg1 Qc7 24.Rd1 b5 25.Qb4 Nd7 26.Rb1 Reb8 27.Nd1 a5 28.Qe1 Re8 29.Ra2 Rab8
30.Ne3 Ndc5 31.Qd1 h5 32.Bf1 Be5 33.Nc2 Qd8 34.Nd4 Nxd4 35.Bxd4 Nb3 36.Bxe5
Rxe5 37.Qe1 Qe7 38.Qc3 h4 39.Bxc4 bxc4 40.Qxc4 Nd2 41.Qd3 Nxb1 42.Qxb1 {#R}
0-1

[Event "It"]
[Site "masterchessopen.com - Solingen (Germany)"]
[Round "12"]
[White "Gerusel Mathias (GER)"]
[Black "Kavalek Lubomir (USA)"]
[Result "0-1"]
[WhiteElo "2239"]
[BlackElo "2625"]

1.d4 Nf6 2.c4 c5 3.d5 d6 4.Nc3 g6 5.e4 Bg7 6.Be2 O-O 7.Nf3 e6 8.O-O exd5
9.cxd5 a6 10.a4 Bg4 11.h3 Bxf3 12.Bxf3 Nbd7 13.Be2 Re8 14.Qc2 Rc8 15.Re1 c4
16.Bf4 Ne5 17.a5 Nfd7 18.Bg3 g5 19.Ra3 Qe7 20.Qd2 f5 21.Bh5 f4 22.Bxe8 Rxe8
23.Bh2 Nc5 24.f3 Nb3 25.Qd1 Rc8 26.Kh1 Nd3 27.Re2 Nd4 28.Rd2 Nb5 29.Nxb5 axb5
30.Raxd3 cxd3 31.Rxd3 Bxb2 32.Qb3 Rc1+ 33.Bg1 Qe5 34.Kh2 g4 35.hxg4 Qg5 36.g3
fxg3+ 37.Kg2 Be5 38.Rd1 Rc3 39.Qa2 b4 40.Rb1 Rd3 {#R} 0-1

[Event "Ch Canada"]
[Site "masterchessopen.com - Calgary (Canada)"]
[Round "6"]
[White "Coudari Camille (CAN)"]
[Black "Piasetski Leon (CAN)"]
[Result "1/2-1/2"]
[WhiteElo "2325"]
[BlackElo "2305"]

1.d4 Nf6 2.c4 c5 3.d5 e6 4.Nc3 exd5 5.cxd5 d6 6.e4 g6 7.Nf3 a6 8.a4 Bg7 9.Be2
O-O 10.O-O Bg4 11.Nd2 Bxe2 12.Qxe2 Nbd7 13.Nc4 Nb6 14.Ne3 Re8 15.a5 Nbd7
16.Nc4 Ne5 17.Nb6 Rb8 18.Bg5 Ned7 19.Nc4 Ne5 20.Nxe5 Rxe5 21.f4 Rxg5 22.fxg5
Nd7 23.Qd2 b5 24.axb6 Rxb6 25.Qe2 Qxg5 26.Rxa6 Rxa6 27.Qxa6 Bd4+ 28.Kh1 Be5
29.Qc8+ Nf8 30.Qh3 Kg7 31.Nb5 Qe7 32.b3 Nd7 33.Na3 Bd4 34.Qf3 Nf6 35.Nc2 Be5
36.g3 h5 37.Rf2 Qb7 38.Kg2 Ng4 39.Re2 Bf6 40.Na3 Ne5 41.Qe3 Qb4 42.Nc2 Qb5
43.h3 Bg5 44.Qf2 Qxb3 45.Ne1 Qb4 46.Nf3 Nd3 47.Qf1 Bf6 48.Re3 Ne5 49.Nxe5 Bxe5
50.Qe1 Qd4 51.Qe2 c4 52.Kf3 Bf6 53.Ra3 c3 54.Kg2 Bg5 55.Ra6 Qc5 56.Rc6 Qb4
57.e5 Qd4 58.h4 Qd2 {#d} 1/2-1/2

[Event "Ch Yugoslavia"]
[Site "masterchessopen.com - Yugoslavia"]
[Round "0"]
[White "Nemet Ivan (SUI)"]
[Black "Rajkovic Dusan (SRB)"]
[Result "1-0"]
[WhiteElo "2348"]
[BlackElo "2415"]

1.d4 Nf6 2.c4 e6 3.Nc3 c5 4.d5 exd5 5.cxd5 d6 6.e4 g6 7.Nf3 Bg7 8.Be2 O-O
9.O-O a6 10.a4 Bg4 11.Nd2 Bxe2 12.Qxe2 Nbd7 13.Nc4 Nb6 14.Ne3 Qe7 15.a5 Nbd7
16.Nc4 Ne5 17.Nxe5 Qxe5 18.f4 Qe7 19.Bd2 Rfe8 20.Rae1 Nd7 21.Kh1 b5 22.axb6
Nxb6 23.Qd3 Qb7 24.e5 dxe5 25.f5 c4 26.Qe4 Nd7 27.Bc1 Rac8 28.Qh4 f6 29.fxg6
hxg6 30.Bh6 f5 31.Ne4 fxe4 32.Bxg7 Kxg7 33.Rf7+ Kxf7 34.Qh7+ Kf6 35.Rf1+ Kg5
36.h4+ Kg4 37.Qxg6+ Kxh4 38.Qh6+ Kg4 39.Qh3+ Kg5 40.Rf5+ {#r} 1-0

[Event "Ch  EWG (team)"]
[Site "masterchessopen.com - Ostend (Belgium)"]
[Date "1975.09.27"]
[Round "9"]
[White "Goormachtigh Johan (BEL)"]
[Black "Boersma Paulus A (NED)"]
[Result "1/2-1/2"]
[WhiteElo "2212"]
[BlackElo "2304"]

1.d4 Nf6 2.c4 c5 3.d5 g6 4.Nc3 Bg7 5.e4 O-O 6.Nf3 d6 7.Be2 e6 8.O-O exd5
9.cxd5 a6 10.a4 Bg4 11.Nd2 Bxe2 12.Qxe2 Nbd7 13.Nc4 Nb6 14.Ne3 Qc7 15.a5 Nbd7
16.Nc4 b5 17.axb6 Nxb6 18.Bf4 Nxc4 19.Qxc4 Nh5 20.Be3 Qb6 21.Ra2 Qb4 22.Qxb4
cxb4 23.Na4 Rae8 24.b3 Rxe4 25.Nb6 Bd4 26.Bxd4 Rxd4 27.Rxa6 Nf4 28.Nc4 Rxd5
29.Rb6 Rd4 30.Rxd6 Rxd6 31.Nxd6 Ne2+ 32.Kh1 Rd8 33.Nc4 Rd3 34.Na5 Nd4 35.Rb1
Kf8 36.g3 Ke7 37.Re1+ Kd7 38.Re3 Rxe3 39.fxe3 Nc2 40.Nc4 Ke6 41.Kg2 Ne1+
42.Kf2 Nd3+ 43.Kg2 g5 44.Nd2 g4 45.Kf1 Kd5 46.Ke2 Nc5 47.Ke1 Ne4 48.Nc4 Ng5
49.Ke2 Ne4 50.Nb6+ Kc6 51.Nc4 {#d} 1/2-1/2

[Event "Memorial J.Capablanca (b)"]
[Site "masterchessopen.com - Cienfuegos (Cuba)"]
[Round "1"]
[White "Remon Adelquis (CUB)"]
[Black "Ostos Julio (VEN)"]
[Result "0-1"]
[WhiteElo "2375"]
[BlackElo "2342"]

1.d4 Nf6 2.c4 c5 3.d5 e6 4.Nc3 g6 5.e4 d6 6.Nf3 exd5 7.cxd5 Bg7 8.Be2 O-O
9.O-O a6 10.a4 Bg4 11.h3 Bxf3 12.Bxf3 Nbd7 13.Bf4 Qc7 14.Re1 Rfe8 15.a5 c4
16.Ra4 b5 17.axb6 Nxb6 18.Ra2 Nfd7 19.Na4 Nc5 20.Nxc5 Qxc5 21.Bd2 a5 22.Qc2
Qb5 23.Rea1 a4 24.Be3 a3 25.Rxa3 Rxa3 26.Rxa3 Bxb2 27.Ra7 c3 28.Rb7 Qa4
29.Qxa4 Nxa4 30.Bd1 Ra8 31.e5 dxe5 32.d6 Nc5 33.Bxc5 Ra1 34.Rb8+ Kg7 35.Kh2
Rxd1 36.d7 Rxd7 37.Bf8+ Kf6 38.Rb6+ Kf5 39.Kg3 Rc7 40.Kf3 e4+ 41.Kg3 Ke5
42.Rb5+ Kd4 43.Rb4+ Kd3 44.Bh6 Kc2 45.Kf4 f5 46.Ke3 Bc1+ {#R} 0-1

[Event "Olympiad"]
[Site "masterchessopen.com - Haifa (Israel)"]
[Round "0"]
[White "Sanchez Silva Luis Agapito (ESP)"]
[Black "Hutchings Stuart J (WLS)"]
[Result "1/2-1/2"]
[WhiteElo "2068"]
[BlackElo "2325"]

1.d4 Nf6 2.c4 c5 3.d5 e6 4.Nc3 exd5 5.cxd5 d6 6.e4 g6 7.Nf3 Bg7 8.Be2 O-O
9.O-O a6 10.a4 Bg4 11.a5 Nbd7 12.Re1 Re8 13.h3 Bxf3 14.Bxf3 c4 15.Ra4 Rc8
16.Be3 Qc7 17.Qb1 Ne5 18.Be2 Nfd7 19.f4 Nd3 20.Bxd3 cxd3 21.Qxd3 Nc5 22.Bxc5
Qxc5+ 23.Qe3 Bxc3 24.bxc3 Qxc3 25.Qxc3 Rxc3 26.Rb1 f5 27.exf5 Re2 28.fxg6 Rcc2
29.gxh7+ Kh8 30.f5 Rxg2+ {#d} 1/2-1/2

[Event "Ch URS (qual)"]
[Site "masterchessopen.com - Rostov on Don (Russia)"]
[Round "0"]
[White "Popov Nikolay (MDA)"]
[Black "Vladimirov Evgeny (KAZ)"]
[Result "1-0"]
[WhiteElo "2405"]
[BlackElo "2601"]

1.d4 Nf6 2.c4 c5 3.d5 e6 4.Nc3 exd5 5.cxd5 d6 6.Nf3 g6 7.e4 Bg7 8.Be2 O-O
9.O-O a6 10.a4 Bg4 11.Bg5 Bxf3 12.Bxf3 Nbd7 13.Qc2 Re8 14.Be2 h6 15.Bh4 g5
16.Bg3 Qe7 17.Rae1 Ne5 18.f4 gxf4 19.Rxf4 Ng6 20.Rf2 Nd7 21.Kh1 Be5 22.Bxe5
Qxe5 23.Ref1 Re7 24.Bg4 Qd4 25.Ne2 Qe3 26.Bxd7 Rxd7 27.Rf3 Qg5 28.Rf5 Qg4
29.Ng3 Re7 30.Qd2 Ne5 31.Qxh6 Qg7 32.Qxd6 {#r} 1-0

[Event "Ch New Zealand"]
[Site "masterchessopen.com - Upper Hutt (New Zealand)"]
[Round "7"]
[White "Sarapu Ortvin (NZL)"]
[Black "Green Ewen M (NZL)"]
[Result "1/2-1/2"]
[WhiteElo "2255"]
[BlackElo "2258"]

1.d4 Nf6 2.c4 c5 3.d5 e6 4.Nc3 exd5 5.cxd5 d6 6.e4 g6 7.Be2 Bg7 8.Nf3 O-O
9.O-O a6 10.a4 Bg4 11.h3 Bxf3 12.Bxf3 Nbd7 13.Bg5 Qc7 14.Qc2 Rfe8 15.Bf4 c4
16.Be2 Nc5 17.f3 Nb3 18.Rad1 Rac8 19.Be3 Rb8 20.Ba7 Ra8 21.Be3 {#d} 1/2-1/2

[Event "Ch New Zealand"]
[Site "masterchessopen.com - Upper Hutt (New Zealand)"]
[Round "9"]
[White "Sutton Richard J (NZL)"]
[Black "Green Ewen M (NZL)"]
[Result "0-1"]
[WhiteElo "2259"]
[BlackElo "2258"]

1.d4 Nf6 2.c4 e6 3.Nc3 c5 4.d5 exd5 5.cxd5 d6 6.Nf3 g6 7.e4 Bg7 8.Be2 O-O
9.O-O a6 10.a4 Bg4 11.Bf4 Re8 12.Nd2 Bxe2 13.Qxe2 Nh5 14.Be3 Nd7 15.a5 Qc7
16.g4 Nhf6 17.f3 b5 18.axb6 Nxb6 19.Nc4 Nxc4 20.Qxc4 Qb6 21.Na4 Qc7 22.Ra2
Reb8 23.Bd2 Nd7 24.b3 Rb5 25.Nb2 Qb7 26.Nd3 Rxb3 27.Bf4 Rc3 {#R} 0-1

[Event "It (juniors)"]
[Site "masterchessopen.com - Winterthur (Switzerland)"]
[Round "11"]
[White "Goormachtigh Johan (BEL)"]
[Black "Mortensen Erling (DEN)"]
[Result "0-1"]
[WhiteElo "2212"]
[BlackElo "2448"]

1.d4 Nf6 2.c4 e6 3.Nf3 c5 4.d5 exd5 5.cxd5 d6 6.Nc3 g6 7.e4 Bg7 8.Be2 O-O
9.O-O a6 10.a4 Bg4 11.Nd2 Bxe2 12.Qxe2 Nbd7 13.Nc4 Nb6 14.Ne3 Re8 15.a5 Nbd7
16.Nc4 Ne5 17.Nxe5 Rxe5 18.Bf4 Re8 19.Ra4 Qc7 20.Rfa1 Rac8 21.Qc2 c4 22.Be3
Ng4 23.Bb6 Qe7 24.f3 Ne5 25.Nd1 f5 26.Ne3 Nd7 27.Rxc4 Nxb6 28.axb6 Rxc4
29.Nxc4 fxe4 30.Qxe4 Qxe4 31.fxe4 Rxe4 32.Nxd6 Bxb2 33.Ra2 Bd4+ 34.Kf1 Re7
35.Nc8 Rf7+ 36.Ke1 Kf8 37.Rc2 Rd7 38.Rc7 Ke8 39.d6 Kd8 40.Na7 Ke8 41.Nc8 Be5
42.Ke2 Kd8 {#R} 0-1

[Event "It (open) \"]
[Site "masterchessopen.com - Buenos Aires (Argentina)"]
[Round "6"]
[White "Anelli Antonio (ARG)"]
[Black "Lopepe Pedro (ARG)"]
[Result "1-0"]
[WhiteElo "2145"]
[BlackElo "2115"]

1.Nf3 g6 2.c4 Bg7 3.d4 c5 4.d5 d6 5.e4 Nf6 6.Nc3 O-O 7.Be2 e6 8.O-O exd5
9.cxd5 a6 10.a4 Bg4 11.Bf4 Re8 12.Qc2 Bxf3 13.Bxf3 Qc7 14.a5 Nbd7 15.Be2 Rac8
16.Ra4 Ne5 17.Bg3 Nh5 18.Bxh5 gxh5 19.Nd1 Ng6 20.f3 h4 21.Be1 Bh6 22.Bd2 Bg7
23.b3 Qe7 24.Kh1 Qd7 25.Ne3 Ne7 26.Nc4 Rb8 27.Bf4 Nc8 28.Bg5 h3 29.Bf4 Kh8
30.g4 Bd4 31.Qd2 Rg8 32.Qe1 Rg6 33.Qg3 b5 34.axb6 Nxb6 35.Rxa6 Qb5 36.Ra5 Qxb3
37.Nxd6 Rf8 38.Qxh3 Qd3 39.Ra7 Kg7 40.Nf5+ Kh8 41.Nxd4 cxd4 42.Raa1 Nc4
43.Rad1 Qc3 44.Qg3 Rd8 45.Be5+ Nxe5 46.Qxe5+ Kg8 47.Qxd4 Qc7 48.Qe3 {#r} 1-0

[Event "Ch Europe (juniors)"]
[Site "masterchessopen.com - Groningen (Netherlands)"]
[Round "7"]
[White "Panczyk Krzysztof (POL)"]
[Black "Pedersen Erik (DEN)"]
[Result "1-0"]
[WhiteElo "2352"]
[BlackElo "2399"]

1.d4 Nf6 2.c4 c5 3.d5 e6 4.Nc3 exd5 5.cxd5 d6 6.e4 g6 7.Nf3 Bg7 8.Be2 O-O
9.O-O a6 10.a4 Bg4 11.Bg5 Nbd7 12.Nd2 Bxe2 13.Qxe2 Re8 14.f4 Qc7 15.Rae1 Rab8
16.e5 dxe5 17.Bxf6 Bxf6 18.f5 e4 19.Ndxe4 Be5 20.fxg6 hxg6 21.d6 Qc6 22.Qc4
Rf8 23.Nd5 Kg7 24.Ne7 Qb6 25.Ng5 Bf6 26.Qg4 {#r} 1-0

[Event "Ch URS (team)"]
[Site "masterchessopen.com - Rostov on Don (Russia)"]
[Round "0"]
[White "Namgilov Sogto (RUS)"]
[Black "Psakhis Lev (ISR)"]
[Result "1-0"]
[WhiteElo "2434"]
[BlackElo "2524"]

1.d4 Nf6 2.Nf3 c5 3.d5 e6 4.c4 exd5 5.cxd5 g6 6.Nc3 d6 7.e4 Bg7 8.Be2 O-O
9.O-O a6 10.a4 Bg4 11.Nd2 Bxe2 12.Qxe2 Re8 13.Nc4 Bf8 14.Bg5 Nbd7 15.a5 Qc7
16.Rae1 Bg7 17.f4 Nh5 18.g4 Bd4+ 19.Kh1 Ng7 20.f5 f6 21.Bf4 Ne5 22.Bxe5 Rxe5
23.fxg6 Re7 24.gxh7+ Kxh7 25.Rf3 Rae8 26.g5 fxg5 27.e5 Bxe5 28.Ne4 Bd4 29.Qd3
Kg8 30.Ne5 Nh5 31.Ng6 Rf7 32.Rh3 Qxa5 33.Qd1 Qb5 34.Qxh5 Rxe4 35.Rg1 Re1
36.Rxe1 Rf1+ 37.Kg2 Qxb2+ 38.Re2 Rf2+ 39.Kg3 Qb3+ {#r} 1-0

[Event "Ch Yugoslavia"]
[Site "masterchessopen.com - Zagreb (Croatia)"]
[Round "13"]
[White "Marovic Drazen (CRO)"]
[Black "Rajkovic Dusan (SRB)"]
[Result "1/2-1/2"]
[WhiteElo "2475"]
[BlackElo "2495"]

1.d4 Nf6 2.c4 e6 3.Nf3 c5 4.d5 exd5 5.cxd5 d6 6.Nc3 g6 7.e4 Bg7 8.Be2 O-O
9.O-O a6 10.a4 Bg4 11.Nd2 Bxe2 12.Qxe2 Nbd7 13.Nc4 Nb6 14.Nxb6 Qxb6 15.a5 {#d}
1/2-1/2

[Event "It (open) \"]
[Site "masterchessopen.com - London (England)"]
[Round "5"]
[White "Perkins Alan H (ENG)"]
[Black "Kinlay Jonathan (ENG)"]
[Result "0-1"]
[WhiteElo "2235"]
[BlackElo "2220"]

1.d4 Nf6 2.c4 c5 3.d5 d6 4.Nc3 g6 5.e4 Bg7 6.Be2 O-O 7.Nf3 e6 8.O-O exd5
9.cxd5 a6 10.a4 Bg4 11.Bg5 Nbd7 12.Nd2 Bxe2 13.Qxe2 Re8 14.f4 h6 15.Bh4 Qc7
16.Qf3 Rab8 17.Bxf6 Nxf6 18.e5 dxe5 19.f5 e4 20.Ndxe4 g5 21.Rae1 b5 22.axb5
Nxe4 23.Nxe4 Bd4+ 24.Kh1 axb5 25.Qh5 Bg7 26.f6 Bf8 27.Nxg5 hxg5 28.Qxg5+ Kh7
29.Qf5+ Kg8 30.Re4 Rxe4 31.Qxe4 Qa5 32.Qg4+ Kh7 33.Qe4+ Kg8 34.Qg4+ Kh7
35.Qh5+ Kg8 36.h3 Re8 37.Rf5 Qe1+ 38.Kh2 Bd6+ {#R} 0-1

[Event "?"]
[Site "masterchessopen.com - Decin (Czech Republic)"]
[Round "0"]
[White "Kovacs-Pinter Marta (HUN)"]
[Black "Nicevski Risto (MKD)"]
[Result "1-0"]
[WhiteElo "2152"]
[BlackElo "2310"]

1.d4 Nf6 2.c4 c5 3.d5 e6 4.Nc3 exd5 5.cxd5 d6 6.e4 g6 7.Nf3 Bg7 8.Be2 O-O
9.O-O a6 10.a4 Bg4 11.Nd2 Bxe2 12.Qxe2 Nbd7 13.Nc4 Nb6 14.Ne3 Qe7 15.a5 Nbd7
16.Nc4 Ne5 17.Nb6 Rae8 18.Bg5 h6 19.Bh4 Qc7 20.f4 Ned7 21.Nc4 Nh7 22.Qd3 b5
23.axb6 Nxb6 24.Rxa6 Nxc4 25.Qxc4 Bd4+ 26.Bf2 Bxf2+ 27.Rxf2 Qe7 28.Re2 Rb8
29.e5 Rb4 30.exd6 Qf6 31.Qxc5 Rxf4 32.Ra1 Qf5 33.Rf2 Nf6 34.Raf1 Rxf2 35.Qxf2
Qxf2+ 36.Rxf2 Kg7 37.Rd2 Rd8 38.h3 Ne8 39.Nb5 Nxd6 40.Nxd6 Rxd6 41.Kf2 Kf6
42.Ke3 Ke5 43.g4 f6 44.Rd1 h5 45.gxh5 gxh5 46.h4 f5 47.b4 f4+ 48.Kf3 Kf5 49.b5
Ke5 50.Rd2 Kf5 51.Rb2 Rxd5 52.b6 Rd3+ 53.Kf2 Rd8 54.b7 Rb8 55.Kf3 Ke5 56.Rb6
Kd5 57.Kxf4 Kc5 58.Rb1 Kc6 59.Kg5 Kc7 60.Kxh5 Rh8+ 61.Kg6 Kb8 62.h5 {#r} 1-0

[Event "It (open)"]
[Site "masterchessopen.com - Lone Pine (USA)"]
[Round "0"]
[White "Henley Ron W (USA)"]
[Black "Ree Hans (NED)"]
[Result "1/2-1/2"]
[WhiteElo "2340"]
[BlackElo "2500"]

1.d4 Nf6 2.c4 c5 3.d5 d6 4.Nc3 g6 5.e4 Bg7 6.Nf3 O-O 7.Be2 e6 8.O-O exd5
9.cxd5 a6 10.a4 Bg4 11.Nd2 Bxe2 12.Qxe2 Nbd7 13.Nc4 Nb6 14.Ne3 Qc7 15.a5 Nbd7
16.Nc4 b5 17.axb6 Nxb6 18.Nxd6 Qxd6 19.e5 Qd7 20.exf6 Bxf6 21.Rxa6 Bxc3
22.bxc3 Rxa6 23.Qxa6 Nxd5 24.Rd1 Re8 25.h3 Qf5 26.Qc6 Nf6 27.Be3 Rc8 28.Bh6
Qe6 29.Qxe6 fxe6 30.c4 Kf7 31.Ra1 Rc7 32.Bf4 Rb7 33.Ra5 Nd7 34.Bd6 Rb1+ 35.Kh2
Rc1 36.Ra7 Ke8 37.Ra8+ Kf7 38.Ra7 Ke8 39.Ra8+ Kf7 40.Rh8 e5 41.Rxh7+ Ke6
42.Be7 Rxc4 43.Bg5 Nf6 44.Rg7 Kf5 45.h4 Ne4 46.Rf7+ Ke6 47.Re7+ Kf5 48.Rf7+
Ke6 49.Re7+ Kf5 50.Rf7+ {#d} 1/2-1/2

[Event "It \"]
[Site "masterchessopen.com - Prievidza (Slovakia)"]
[Round "0"]
[White "Babev Aleksandar (BUL)"]
[Black "Fronczek Heinrich (GER)"]
[Result "1-0"]
[WhiteElo "2315"]
[BlackElo "2220"]

1.d4 Nf6 2.c4 c5 3.d5 e6 4.Nc3 exd5 5.cxd5 d6 6.e4 g6 7.Nf3 Bg7 8.Be2 O-O
9.O-O a6 10.a4 Bg4 11.Bg5 h6 12.Be3 Re8 13.Nd2 Bxe2 14.Qxe2 Nbd7 15.h3 Ne5
16.Bf4 Nfd7 17.Bg3 f5 18.f4 Nf7 19.Qd3 c4 20.Qc2 Qf6 21.exf5 gxf5 22.Bf2 Rac8
23.a5 Nc5 24.Nxc4 Ne4 25.Nb6 Rcd8 26.Be1 Qg6 27.Bh4 Rb8 28.Rf3 Qh5 29.Be1 Bd4+
30.Kh1 Nf6 31.Rd1 Kh7 32.Bg3 Bxb6 33.axb6 Rbc8 34.Bf2 Ne4 35.Bd4 Nh8 36.Nxe4
fxe4 37.Rg3 Ng6 38.Bc3 Qf5 39.Qf2 e3 40.Rxe3 Rxe3 41.Qxe3 Qxf4 42.Qd3 Rf8
43.Re1 Qf5 44.Qxf5 Rxf5 45.Re8 Rxd5 46.Rb8 Ne5 47.Rxb7+ Kg6 48.Rc7 Rb5 49.Bd4
Nd3 50.Rd7 Kf5 51.Rxd6 Ke4 52.Bg1 Nf4 53.Rd7 Ne2 54.Bf2 Rxb2 55.b7 h5 56.Kh2
Nf4 57.Ba7 Rxg2+ 58.Kh1 Kf3 59.b8=Q {#r} 1-0

[Event "It"]
[Site "masterchessopen.com - Wellington (New Zealand)"]
[Round "0"]
[White "Torre Eugenio (PHI)"]
[Black "Green Ewen M (NZL)"]
[Result "1-0"]
[WhiteElo "2490"]
[BlackElo "2258"]

1.c4 c5 2.Nf3 g6 3.d4 Bg7 4.d5 d6 5.Nc3 Nf6 6.e4 O-O 7.Be2 e6 8.O-O exd5
9.cxd5 a6 10.a4 Bg4 11.Bf4 Re8 12.Nd2 Bxe2 13.Qxe2 Nh5 14.Be3 Nd7 15.g4 Nhf6
16.f3 Qc7 17.Kh1 Rac8 18.a5 Ne5 19.h3 h6 20.f4 Ned7 21.Qg2 Rb8 22.Bg1 b5
23.axb6 Rxb6 24.Ra2 Rb4 25.Rc1 Qb7 26.Rc2 Nb6 27.Qf1 Nfd7 28.Qxa6 Qb8 29.Qf1
f5 30.Qg2 fxe4 31.Ndxe4 Nxd5 32.Nxc5 Nxf4 33.Nxd7 Qc7 34.Ra7 Qxa7 35.Bxa7 Nxg2
36.Nd5 Re1+ 37.Kxg2 Rxb2 38.N7f6+ Bxf6 39.Nxf6+ Kf7 40.Rxb2 Kxf6 41.Bf2 {#r}
1-0

[Event "Ch URS (young masters)"]
[Site "masterchessopen.com - Baku (Azerbaijan)"]
[Round "0"]
[White "Agzamov Georgy T (RUS)"]
[Black "Psakhis Lev (ISR)"]
[Result "0-1"]
[WhiteElo "2545"]
[BlackElo "2480"]

1.d4 Nf6 2.c4 c5 3.d5 e6 4.Nc3 exd5 5.cxd5 d6 6.Nf3 g6 7.e4 Bg7 8.Be2 O-O
9.O-O a6 10.a4 Bg4 11.Bf4 Bxf3 12.Bxf3 Qe7 13.Qc2 Nbd7 14.Rae1 c4 15.Be2 Rac8
16.Bg5 h6 17.Bh4 g5 18.Bg3 Rfe8 19.Qd1 Ne5 20.Kh1 Ng6 21.Bf3 Qd7 22.h3 b5
23.axb5 axb5 24.Na2 h5 25.Bxh5 Nxe4 26.Nc3 Nc5 27.Bg4 f5 28.Rxe8+ Rxe8 29.Bh5
Kh7 30.f4 gxf4 31.Bxf4 Nd3 32.Ne2 Re4 33.Bxg6+ Kxg6 34.Ng3 Rxf4 35.Qh5+ Kf6
36.Rxf4 Nxf4 37.Qh4+ Ke5 38.Nf1 Bf6 39.Qg3 Qa7 40.Nd2 Qa1+ 41.Kh2 Kxd5 {#R}
0-1

[Event "It (open)"]
[Site "masterchessopen.com - Esquel (Argentina)"]
[Round "0"]
[White "Alvarez Ernesto (ARG)"]
[Black "Martinez Carlos Alejandro (BRA)"]
[Result "0-1"]
[WhiteElo "2260"]
[BlackElo "2501"]

1.d4 Nf6 2.c4 c5 3.d5 e6 4.Nc3 exd5 5.cxd5 d6 6.e4 g6 7.Nf3 Bg7 8.Be2 a6 9.a4
O-O 10.O-O Bg4 11.h3 Bxf3 12.Bxf3 Nbd7 13.Bf4 Qc7 14.Bh2 Rfe8 15.Qc2 h6
16.Rae1 Re7 17.g3 Rb8 18.Bg2 c4 19.f4 b5 20.axb5 axb5 21.Bf3 Rbe8 22.Qf2 Qb8
23.e5 dxe5 24.d6 Re6 25.fxe5 Nxe5 26.Rxe5 Rxe5 27.g4 b4 28.d7 Nxd7 29.Bc6 bxc3
30.Qxf7+ Kh7 31.Qxd7 Qb6+ 32.Kh1 R8e7 33.Qc8 Rc5 34.Bd6 Rxc6 {#R} 0-1

[Event "Memorial M.Chigorin"]
[Site "masterchessopen.com - Sochi (Russia)"]
[Round "0"]
[White "Rashkovsky Nukhim N (RUS)"]
[Black "Kharitonov Andrei V (RUS)"]
[Result "1-0"]
[WhiteElo "2500"]
[BlackElo "2525"]

1.d4 Nf6 2.c4 c5 3.d5 e6 4.Nc3 exd5 5.cxd5 d6 6.Nf3 g6 7.e4 Bg7 8.Be2 O-O
9.O-O a6 10.a4 Bg4 11.Bf4 Bxf3 { !? } 12.Bxf3 Qe7 13.Qd2 Nbd7 14.Rae1 Ne8 (
14...Ne5 { !? } ) 15.Bg5 { ! } 15...Bf6 { ? } ( 15...Qe5 { !? ? ?d4-b4 } )
16.h4 { ! P } 16...Nc7 ( 16...Bxg5 { ? } 17.hxg5 Ne5 18.Be2 { ? f4± } ) 17.Be2
Rab8 18.f4 Bd4+ { ? } ( 18...h6 19.Bxf6 Qxf6 20.e5 { ! P } ) 19.Qxd4 { ! }
19...Qxg5 20.Qf2 Qe7 21.Bg4 f6 22.h5 Kg7 23.Re3 Rf7 24.Rg3 { +?? } 24...Nf8
25.Bf5 g5 26.e5 dxe5 27.fxg5 fxg5 28.Ne4 Nxd5 29.Nxg5 Kh8 30.Nxf7+ Qxf7
31.Qxc5 {#r} 1-0

[Event "It (juniors) (under 20)"]
[Site "masterchessopen.com - Bydgoszcz (Poland)"]
[Round "0"]
[White "Panczyk Krzysztof (POL)"]
[Black "Hawelko Marek (POL)"]
[Result "1-0"]
[WhiteElo "2352"]
[BlackElo "2380"]

1.d4 Nf6 2.c4 c5 3.d5 e6 4.Nc3 exd5 5.cxd5 d6 6.e4 g6 7.Nf3 a6 8.Be2 Bg7 9.O-O
O-O 10.a4 Bg4 11.h3 Bxf3 12.Bxf3 Nbd7 13.Bf4 Qc7 14.Re1 Rfe8 15.Qc2 Re7 16.Be2
Rae8 17.Bf1 c4 18.Rad1 Ne5 19.Kh1 Nfd7 20.Bg3 Nc5 21.Bh4 f6 22.Bg3 Ned3
23.Bxd3 cxd3 24.Qd2 Nxe4 25.Nxe4 Rxe4 26.Rxe4 Rxe4 27.Qxd3 f5 28.b3 Qc5 29.f3
Re3 30.Qd2 Bc3 31.Bxd6 Qb6 32.a5 Qxb3 33.Qxe3 Qxd1+ 34.Kh2 Qe1 35.Qc5 Be5+
36.f4 Bxd6 37.Qxd6 Qe8 38.Qc7 Qe4 39.Qe5 Qxe5 40.fxe5 Kf7 41.g4 {#r} 1-0

[Event "Ch Europe (juniors)"]
[Site "masterchessopen.com - Groningen (Netherlands)"]
[Round "10"]
[White "Cvitan Ognjen (CRO)"]
[Black "Cuijpers Frans Andre (NED)"]
[Result "1/2-1/2"]
[WhiteElo "2507"]
[BlackElo "2435"]

1.d4 Nf6 2.Nf3 c5 3.d5 e6 4.c4 exd5 5.cxd5 d6 6.Nc3 g6 7.e4 Bg7 8.Be2 O-O
9.O-O a6 10.a4 Bg4 11.Bf4 Bxf3 12.Bxf3 Re8 13.Re1 Qc7 14.Rc1 Nbd7 15.g4 Kh8
16.b3 Rab8 17.g5 Ng8 18.Bg2 f6 19.h4 Rf8 20.Bg3 fxg5 21.hxg5 h6 22.Qd2 Rbe8
23.Ne2 Ne5 24.f4 Nf7 25.gxh6 Ngxh6 26.b4 b6 27.a5 c4 28.Nd4 Nd8 29.e5 Nf5
30.Nxf5 gxf5 31.Bf3 Nf7 32.e6 Nh6 33.Bh5 c3 34.Qd3 bxa5 35.bxa5 Re7 36.Bh4
Qc5+ 37.Kf1 Ng4 38.Bxg4 fxg4 39.f5 Rf6 40.Rxc3 Qxc3 41.Qxc3 Rxf5+ 42.Kg2 Bxc3
43.Rh1 Rh7 44.e7 Rxe7 45.Bxe7+ Kg8 46.Bxd6 Rxd5 47.Bf4 Rxa5 48.Rh4 Ra2+ 49.Kf1
Kf7 50.Rxg4 a5 51.Rg3 Rc2 52.Re3 Bb4 53.Re2 Rc4 54.Bd2 a4 55.Bxb4 Rxb4 56.Re3
Rb3 57.Re4 Ra3 58.Ke2 Ra1 59.Kd2 a3 {#d} 1/2-1/2

[Event "It"]
[Site "masterchessopen.com - Leipzig (Germany)"]
[Round "2"]
[White "Vilela Jose Luis (CUB)"]
[Black "Boensch Uwe (GER)"]
[Result "0-1"]
[WhiteElo "2410"]
[BlackElo "2450"]

1.d4 Nf6 2.c4 c5 3.d5 e6 4.Nc3 exd5 5.cxd5 d6 6.Nf3 g6 7.e4 Bg7 8.Be2 O-O
9.O-O a6 10.a4 Bg4 11.Bg5 Bxf3 12.Bxf3 Nbd7 13.Qc2 c4 14.Be2 Rc8 15.a5 Re8
16.Rfe1 h6 17.Bd2 Qe7 18.f3 Nh5 19.g4 Nhf6 20.Kg2 Nh7 21.Bf4 Rc7 22.Qd2 g5
23.Bg3 Nhf8 24.Nd1 Ng6 25.Rc1 Rec8 26.Rf1 Be5 27.Ne3 Nf4+ 28.Kh1 c3 29.bxc3
Bxc3 30.Qa2 Qf6 31.Nf5 Ne5 32.Bxf4 gxf4 33.Qa3 Rc5 34.Qb3 R8c7 35.Rc2 Nd7
36.Rfc1 Bxa5 {#R} 0-1